000 00789nas a2200253 4500
001 BR9604426
003 BR-BrBNA
005 20231205095318.0
007 ta
008 230509b bl.|||p| |||| 00| 00por d
040 _aBR-BrBNA
_bpor
_cBiblioteca Nacional de Agricultura
041 _a(Pt)
072 _aK10
100 1 _aNeves, A.R.
100 1 _aLadeira, H.P.
100 1 _aPaula Neto, F. de
100 1 _aAlvarenga, S.C. de
245 1 _aAvaliacao socio-economica de um programa de reflorestamento na regiao de Carbonita, Vale do Jequitinhonha, MG
650 _aEucalipto
650 _aReflorestamento
773 0 _tRevista Arvore (Brazil)
_xISSN 0100-6762
_g(Jan-Jun 1981), v. 5(1) p. 80-89
_wBR9604426
909 _a202311
_bLúcia
_c55
_dLúcia Elande
942 _2AGRIS
_n0
_cANA
999 _c150000
_d150000